Every Class 2 Kentucky Senator - Statistics

General Stats
  • This quiz has been taken 11 times
  • The average score is 22 of 41
Answer Stats
Picture Hint Answer % Correct
R(1939-1945) Happy Chandler
100%
R(1810-1811) Henry Clay
100%
R(1985-) Mitch McConnell
100%
D(1955-1956) Alben W. Barkley
50%
D(1919-1925) A. Owsley Stanley
50%
D(1930-1931) Ben M. Williamson
50%
R(1805-1810) Buckner Thruston
50%
R(1925-1930) Frederic M. Sackett
50%
D(1918-1919) George B. Martin
50%
J(1829-1835) George M. Bibb
50%
R(1811-1814) George M. Bibb
50%
R(1814-1815) George Walker
50%
D(1877-1890) James B. Beck
50%
D(1865-1868) James Guthrie
50%
W(1841-1847) James T. Morehead
50%
R(1792-1805) John Brown
50%
W(1853-1859) John B. Thompson
50%
D(1890-1893) John G. Carlisle
50%
W(1835-1841) John J. Crittenden
50%
R(1817-1819) John J. Crittenden
50%
R(1930-1930) John M. Robsion
50%
R(1956-1973) John Sherman Cooper
50%
R(1952-1955) John Sherman Cooper
50%
R(1946-1949) John Sherman Cooper
50%
D(1871-1877) John W. Stevenson
50%
D(1901-1907) Joseph C.S. Blackburn
50%
W(1847-1853) Joseph R. Underwood
50%
D(1859-1865) Lazurus W. Powell
50%
F(1816-1817) Martin D. Hardin
50%
D(1931-1939) Marvel M. Logan
50%
J(1819-1829) Richard M. Johnson
50%
D(1956-1956) Robert Humphreys
50%
D(1868-1871) Thomas C. McCreery
50%
D(1907-1913) Thomas H. Paynter
50%
D(1951-1952) Thomas R. Underwood
50%
D(1949-1951) Virgil M. Chapman
50%
D(1973-1985) Walter D. Huddleston
50%
R(1945-1946) William A. Stanfill
50%
D(1893-1901) William Lindsay
50%
R(1815-1816) William T. Barry
50%
D(1913-1918) Ollie M. James
0%
No matching quizzes found
Score Distribution
Percent of People with Each Score
Percentile by Number Answered
Your Score History
You have not taken this quiz